Name a valid answer - Geography edition - Statistics

General Stats
  • This quiz has been taken 402 times
    60 since last reset
  • The average score is 11 of 15
Answer Stats
Hint Answer % Correct
A country that has the more than 75% of itsland covered in tropical forest Guyana | Suriname |
100%
A island with more than 50 million people Java | Honshu | United Kingdom | Sumatra | Luzon |
100%
A language in Singapore Malay | English | Tamil | Mandarin
88%
A flag nation with only yellow and blue Ukraine | Sweden | Palau | Kazakhstan
86%
A landlocked country in South America Paraguay | Bolivia
84%
A city with more than 10 million people in Africa (aglomeration) Lagos | Cairo | Kinshasa | Johannesburg
79%
A Inhabitated colony of the USA Puerto Rico | American Virgin Islands | American Samoa | Guam | Northern- Mariana Islands
74%
A country in the top 5 richest countries (PC) Monaco | Luxembourg | Singapore | Ireland | Norway
67%
A country that is double landlocked Uzbekistan | Liechtenstein
67%
A country between 80 and 90 million people Germany | Turkey | Iran
65%
A country that lays in the Kalahari desert South Africa | Botswana | Namibia
63%
A Sea in Oceania Arafura | Bismarck | Coral | Koro | Solomon| Tasman | Timor
56%
A country with Dinar currency Algeria | Bahrain | Iraq | Jordan | Kuwait| Libya | Tunesia
53%
A Mountain that is in the top 3 highest mountains in Europe Mount Elbrus | Dyk-Tau | Shkhara
49%
A territory of the Netherlands nowadays Curaçao | Aruba | Bonaire | Sint Maarten| Sint Eustatius | Saba
44%
No matching quizzes found
Score Distribution
Percent of People with Each Score
Percentile by Number Answered
Your Score History
You have not taken this quiz since the last reset